000 00262nam a2200109Ia 4500
008 190912s9999||||xx |||||||||||||| ||und||
100 _aSurajit Sengupta
245 0 _aElements of Business Law
260 _aCulcutta
_bMacmillan
_c1994
300 _a223
942 _cBK
999 _c7162
_d7162